Регионална библиотека "Любен Каравелов" - Русе

Аграрно-промишлен комплекс "Съветска Русия" (Запис номер 447252)

MARC детайли
000 -Лидер
Контролно поле с фиксирана дължина 01099nam a2200241 a 4500
003 - Код на организацията, давaща контролен номер
Контролно поле BLK
005 - Дата и час на последна редакция
Контролно поле 20230727123814.0
008 - Елементи от данни с фиксирана дължина
fixed length control field 220302b bu |||||r|||| 00| | bu d
040 ## - Източник на каталожния запис
Идентификатор на билиотеката - собственик на записа BLK
041 ## - Код за език
Код за езика на текст/звукозапис или на отделно заглавие Български
Код за езика КДБФ Български
080 ## - УДК
Текстов определител УДК Селскостопански предприятия според методите на производството и производств. продукция - АПК и др.
УДК код - определител по УДК 631.14
УДК определител (497.215)(062)
УДК - код + определител 631.14(497.215)(062)
139 ## - Редно поле
Редна дума Аграрно-промишлен комплекс "Съветска Русия"
Авторски знак Агр - А 25
245 ## - Сведения за заглавието
Заглавие Аграрно-промишлен комплекс "Съветска Русия"
Подзаглавни данни с. Сливо поле, Русенски окръг носител на орден "Георги Димитров"
Физически носител (вид на носителя) [Малотир. изд.]
260 ## - Област на издателските данни
9 (RLIN) 441842
Място на издаване, разпространение и проч. Русе
Година на издаване б. г.
300 ## - Физическа характеристика
Страници 20 с.
Илюстрации и др. с цв.ил.
Размери/Мащаб 19x19 см
380 ## - Жанр
Жанр Селско стопанство
651 #7 - Допълнително описание по предмет - топоним
9 (RLIN) 179557
Географско понятие Сливо поле
653 #7 - Ключова дума – ненормативна
9 (RLIN) 181183
Ключова дума АПК
852 ## - Местоположение
Фондова буква Краезнание
Систематично-азбучна сигнатура К 63/А 25
999 ## - СИСТЕМНИ КОНТРОЛНИ НОМЕРА
Koha biblionumber 447252
Koha biblioitemnumber 447252
942 ## - АРТИКУЛИ
Вид на библиотечния материал Книги
Скрит в OPAC Не
Периодичен библиозапис Да
Koha issues (borrowed), all copies 1
944 ## - СЪЗДАВАНЕ И РЕДАКЦИЯ на ЗАПИСА
Създаване/Редакция Създаване
Дата на регистрацията/редакция 2022-03-07
Служител, извършил регистрацията/редакцията 30556
Статус, дата на статуса Теодора Пейчева-Дянкова
999 ## - СИСТЕМНИ КОНТРОЛНИ НОМЕРА
Koha biblioitemnumber 447252
Наличности
Код за отписване Код за изгубен артикул Източник на класификационната схема Код за повреда Коз за рестрикции Код за отдаване Артикулен № Име на библиотеката - собственик Име на библиотеката, в която се намира в момента Статус (Текущо местоположение) Дата на вписване в системата Местоположение - отдел Цена в лева Систематично азбучна сигнатура Баркод Цена в евро Служебен тип на артикула
  Не е изгубен Universal Decimal Classification Не е повреден само за читалня ползва се в читалня 875048 Регионална библиотека "Любен Каравелов" Русе Регионална библиотека "Любен Каравелов" Русе Краезнание 2022-03-14 Краезнание 1.00 К 63/А 25 120000868035 0.51 Книги
Vip Innovations Ltd, Rousse, Bulgaria 2025